00472nam a2200169Ia 4500001000800000003000500008008004100013010001100054040000900065100001800074245010800092260001900200300001000219650002500229650002000254700002800274Para_95CHAP220125s1999 xx 000 0 und d a198819 cCHAP aLoftin, U. C. aA report on the corn aphis, aphis maidis Fitch, in Cuba /c by por U.C. Loftin and L. dean Christenson as.l. :b s.n. a48 h. aMaízxEnfermedades aMaízxPlagas  aI. Christenson, L. dean